Home Depot Departments Quiz Stats

Quiz Updated Jul 16, 2015

Also try: Famous TV Dads
Challenge
Share
Tweet
Embed
Score 0/16 Timer 04:00
0 Plays Today
Department % Correct
Tools and Hardware
86.4%
Lawn and Garden
85.6%
Paint
83.7%
Outdoor Living
80.6%
Lighting and Ceiling Fans
77.4%
Plumbing
76%
Flooring and Area Rugs
69.9%
Bath and Faucets
69.9%
Department % Correct
Kitchen
65.8%
Electrical
65.5%
Appliances
60.9%
Doors and Windows
56.9%
Storage and Organization
25.4%
Blinds and D├ęcor
23.9%
Building Materials
21.8%
Heating and Cooling
20%

You're not logged in!

Compare scores with friends on all Sporcle quizzes.
Sign Up with Email
OR
Log In

You Might Also Like...

Show Comments

Extras

Top Quizzes Today


Score Distribution

Your Account Isn't Verified!

In order to create a playlist on Sporcle, you need to verify the email address you used during registration. Go to your Sporcle Settings to finish the process.